Applied physics (Record no. 3901)

MARC details
000 -LEADER
fixed length control field 00695 a2200229 4500
010 ## - LIBRARY OF CONGRESS CONTROL NUMBER
LC control number ENG-85989
020 ## - INTERNATIONAL STANDARD BOOK NUMBER
International Standard Book Number 0070634424
Terms of availability 250.00
035 ## - SYSTEM CONTROL NUMBER
System control number EN-69522
037 ## - SOURCE OF ACQUISITION
Source of stock number/acquisition DBAD / PUB
082 14 - DEWEY DECIMAL CLASSIFICATION NUMBER
Classification number 530.02
090 ## - LOCALLY ASSIGNED LC-TYPE CALL NUMBER (OCLC); LOCAL CALL NUMBER (OCLC)
-- 3982
-- 3982
100 ## - MAIN ENTRY--PERSONAL NAME
Personal name Beiser, Arthur
245 1# - TITLE STATEMENT
Title Applied physics
Statement of responsibility, etc by Arthur Beiser
250 ## - EDITION STATEMENT
Edition statement 4th ed.
260 ## - PUBLICATION, DISTRIBUTION, ETC. (IMPRINT)
Place of publication, distribution, etc New Delhi
Name of publisher, distributor, etc Tata Mc-Graw Hill Publishing
Date of publication, distribution, etc 2007
270 ## - ADDRESS
Address 7, West Patel Nagar
City New Delhi
State or province Delhi
Postal code 110 008
300 ## - PHYSICAL DESCRIPTION
Extent various pagings
Dimensions 24cm (pbk)
490 ## - SERIES STATEMENT
Series statement Schaum's outlines
500 ## - GENERAL NOTE
General note Includes index
942 ## - ADDED ENTRY ELEMENTS (KOHA)
Institution code [OBSOLETE] dpl
Koha item type English Books
Call number prefix 530.02 / BEI
Holdings
Withdrawn status Lost status Source of classification or shelving scheme Damaged status Not for loan Collection code Home library Current library Source of acquisition Cost, normal purchase price Total Checkouts Full call number Barcode Date last seen Copy number Uniform Resource Identifier Cost, replacement price Price effective from Koha item type
    Dewey Decimal Classification   Not For Loan Non-fiction D.B.Act.Division D.B.Act.Division DBAD/PUB 250.00   530.02 BEI EN-69522 15/09/2008 1 4144 250.00 15/09/2008 English Books

© Delhi Public Library
Hit Counter
free hit counter